00684nam a22001937a 4500003000900000005001700009008002900026040002200055082002900077100003800106245008200144260004300226300002500269500006400294650003600358650003600394650003400430700002600464DO-SdBNP20240807083618.0220328b2003 dr | 00| 0 spa d aBPMSUbspacBPMSU 4aRD863.44bG861g 20032221 aGrimaldi, Silié Eleanor d1948-10aGotita de agua /cEleanor Grimaldi Silié; ilustrador: Wener Olmos Tavárez aSanto Domingo :bEditora Búho,c2003 a24 p :bils ;c24 cm aIncluye datos biográficos del autor en la contracubierta  4aCuentos infantiles dominicanos  4aLiteratura infantil dominicana  4aLibros ilustrados infantiles 1 aWener Olmos Tavárez